Abeceda výživy a hnojení krmné řepy

Bibliographic Details
Main Authors: Baier, Jan (Author), Baierová, Věra (Author)
Format: Article
Language:Czech
Subjects:

MARC

LEADER 00000nab a2200000 a 4500
001 vtls000042985
003 SK-MaSNL
005 20260303163835.0
008 160202c1979 xo 0 cze
015 |a SNBRB19rr/mm-uuuuu 
035 |a CL0053080 
040 |a SNKBUCL  |b slo  |c SNKBUCL  |e AACR2 
041 0 |a cze 
044 |a xo  |c SK 
080 |a 631.8  |2 1981 
080 |a 633.2/.3  |2 1981 
100 1 |a Baier, Jan  |4 aut  |9 568128 
245 1 0 |a Abeceda výživy a hnojení krmné řepy  |c Jan Baier, Věra Baierová 
300 |b Tb. 8. 
650 0 7 |a výživa rastlín  |2 snkbucl  |9 19926 
650 0 7 |a kŕmna repa  |2 snkbucl  |9 52647 
650 0 7 |a hnojenie  |2 snkbucl  |9 14850 
655 7 |a články z novín a časopisov  |2 snkbucl  |9 267496 
700 1 |a Baierová, Věra  |4 aut  |9 622552 
773 0 |t Agrochémia  |g Roč. 19, č. 10 (1979), s. 1-3 
850 |a Slovenská národná knižnica v Martine  |a MTA001 
852 |a SNK  |b KIS3GCP 
958 |a RK 
958 |a CZ 
992 |a RBX 
999 |c 2061663  |d 2063593